000 00421nam a22001697a 4500
003 NUST - PNEC
005 20170116180847.0
008 150824b xxu||||| |||| 00| 0 eng d
020 _a0446607207
040 _cLIBRARY
082 _a813.54 SHE
100 _95500
_aSheldon, Sidney
245 _aTell me your dreams
_cSidney Sheldon
260 _cc1998.
650 _95502
_aTrials (Murder)
_xGeneral
942 _2ddc
_cBK
999 _c64490
_d64490